<?xml version="1.0" encoding="UTF-8"?>
<collection xmlns="http://www.loc.gov/MARC21/slim">
<record>
  <controlfield tag="001">119715</controlfield>
  <controlfield tag="005">20221115154454.0</controlfield>
  <datafield tag="024" ind1="7" ind2=" ">
    <subfield code="2">doi</subfield>
    <subfield code="a">10.24310/mgnmar.v3i2.14693</subfield>
  </datafield>
  <datafield tag="024" ind1="8" ind2=" ">
    <subfield code="2">sideral</subfield>
    <subfield code="a">129786</subfield>
  </datafield>
  <datafield tag="037" ind1=" " ind2=" ">
    <subfield code="a">ART-2022-129786</subfield>
  </datafield>
  <datafield tag="041" ind1=" " ind2=" ">
    <subfield code="a">spa</subfield>
  </datafield>
  <datafield tag="100" ind1=" " ind2=" ">
    <subfield code="a">Beltrán-Pellicer, Pablo</subfield>
    <subfield code="u">Universidad de Zaragoza</subfield>
    <subfield code="0">(orcid)0000-0002-1275-9976</subfield>
  </datafield>
  <datafield tag="245" ind1=" " ind2=" ">
    <subfield code="a">La competencia matemática en el currículo español de Educación Primaria</subfield>
  </datafield>
  <datafield tag="260" ind1=" " ind2=" ">
    <subfield code="c">2022</subfield>
  </datafield>
  <datafield tag="520" ind1="3" ind2=" ">
    <subfield code="a">La reciente reforma curricular de Educación Primaria en España incorpora una serie de novedades que merece la pena analizar. Si bien el enfoque competencial no es nuevo, es la primera vez que se definen competencias específicas en cada materia. Esto es algo que aporta funcionalidad, ya que la generalidad de las competencias clave no resultaba práctica. En este artículo partimos, en primer lugar, de una revisión bibliográfica para delimitar el significado de “competencia matemática”. Posteriormente, analizamos su presencia en el currículo, tanto en los perfiles de salida que se configuran en relación con las competencias clave, como a través de las competencias específicas y sus criterios de evaluación. Igualmente, señalamos la relación de alguna de estas competencias específicas con los sentidos matemáticos, actuales “bloques de contenido”, pero más flexibles e interconectados. El análisis realizado ofrece una interpretación del nuevo currículo de matemáticas de Educación Primaria que puede resultar interesante para todo aquel que esté interesado en una visión de la enseñanza de las matemáticas a través de la resolución de problemas, el razonamiento y la prueba, la comunicación, las conexiones y la representación de las ideas matemáticas, considerando además el dominio socioafectivo y lo que ello implica. Al mismo tiempo, señalamos aquellos puntos que se prestan a confusión y elaboramos una crítica constructiva que abre nuevas líneas de investigación y que puede servir de inspiración para el último nivel de concreción curricular: los centros educativos.</subfield>
  </datafield>
  <datafield tag="506" ind1="0" ind2=" ">
    <subfield code="a">Access copy available to the general public</subfield>
    <subfield code="f">Unrestricted</subfield>
  </datafield>
  <datafield tag="536" ind1=" " ind2=" ">
    <subfield code="9">info:eu-repo/grantAgreement/ES/DGA/S60-20R</subfield>
    <subfield code="9">info:eu-repo/grantAgreement/ES/MICIU/PID2019-105601GB-I00</subfield>
  </datafield>
  <datafield tag="540" ind1=" " ind2=" ">
    <subfield code="9">info:eu-repo/semantics/openAccess</subfield>
    <subfield code="a">by-nd</subfield>
    <subfield code="u">http://creativecommons.org/licenses/by-nd/3.0/es/</subfield>
  </datafield>
  <datafield tag="655" ind1=" " ind2="4">
    <subfield code="a">info:eu-repo/semantics/article</subfield>
    <subfield code="v">info:eu-repo/semantics/publishedVersion</subfield>
  </datafield>
  <datafield tag="700" ind1=" " ind2=" ">
    <subfield code="a">Alsina, Ángel</subfield>
  </datafield>
  <datafield tag="710" ind1="2" ind2=" ">
    <subfield code="1">2006</subfield>
    <subfield code="2">200</subfield>
    <subfield code="a">Universidad de Zaragoza</subfield>
    <subfield code="b">Dpto. Matemáticas</subfield>
    <subfield code="c">Área Didáctica Matemática</subfield>
  </datafield>
  <datafield tag="773" ind1=" " ind2=" ">
    <subfield code="g">3, 2 (2022), 31-58</subfield>
    <subfield code="p">Márgenes (Málaga)</subfield>
    <subfield code="t">Márgenes</subfield>
    <subfield code="x">2695-2769</subfield>
  </datafield>
  <datafield tag="856" ind1="4" ind2=" ">
    <subfield code="s">621328</subfield>
    <subfield code="u">http://zaguan.unizar.es/record/119715/files/texto_completo.pdf</subfield>
    <subfield code="y">Versión publicada</subfield>
  </datafield>
  <datafield tag="856" ind1="4" ind2=" ">
    <subfield code="s">2599268</subfield>
    <subfield code="u">http://zaguan.unizar.es/record/119715/files/texto_completo.jpg?subformat=icon</subfield>
    <subfield code="x">icon</subfield>
    <subfield code="y">Versión publicada</subfield>
  </datafield>
  <datafield tag="909" ind1="C" ind2="O">
    <subfield code="o">oai:zaguan.unizar.es:119715</subfield>
    <subfield code="p">articulos</subfield>
    <subfield code="p">driver</subfield>
  </datafield>
  <datafield tag="951" ind1=" " ind2=" ">
    <subfield code="a">2022-11-15-12:19:15</subfield>
  </datafield>
  <datafield tag="980" ind1=" " ind2=" ">
    <subfield code="a">ARTICLE</subfield>
  </datafield>
</record>
</collection>